Grundformen der wirtschaftsordnung : Marktwirtschaft, Zentralverwaltungswirtschaft
Đã lưu trong:
| 主要作者: | |
|---|---|
| 格式: | 图书 |
| 语言: | Undetermined |
| 出版: |
Germany
Verlag C. H. Beck Munchen
1972
|
| 主题: | |
| 标签: |
添加标签
没有标签, 成为第一个标记此记录!
|
| Thư viện lưu trữ: | Trung tâm Học liệu Trường Đại học Cần Thơ |
|---|
| LEADER | 00576nam a2200193Ia 4500 | ||
|---|---|---|---|
| 001 | CTU_81832 | ||
| 008 | 210402s9999 xx 000 0 und d | ||
| 082 | |a 338.9 | ||
| 082 | |b H526 | ||
| 100 | |a Hensel, K. Paul | ||
| 245 | 0 | |a Grundformen der wirtschaftsordnung : | |
| 245 | 0 | |b Marktwirtschaft, Zentralverwaltungswirtschaft | |
| 245 | 0 | |c K. Paul Hensel | |
| 260 | |a Germany | ||
| 260 | |b Verlag C. H. Beck Munchen | ||
| 260 | |c 1972 | ||
| 650 | |a Comparative economics,Economic policy | ||
| 904 | |i Trọng Hải | ||
| 980 | |a Trung tâm Học liệu Trường Đại học Cần Thơ | ||